| 000 | 00738nam a2200229Ia 4500 | ||
|---|---|---|---|
| 005 | 20250108124759.0 | ||
| 008 | 008 250107s9999 xx 000 0 hin d | ||
| 020 | _a978-81-86336-83-0 | ||
| 037 | _aTB | ||
| 040 |
_aCRL _bhin _cCRL |
||
| 041 |
_ahin _2hin |
||
| 084 | _aQ70a2 152Q5 | ||
| 084 | _qCRL | ||
| 100 | _aमुकुन्ददास, ले. | ||
| 245 | 0 |
_aनवरंग वाणी _cमुकुन्ददास, ले. |
|
| 260 |
_aदिल्ली, भारत _bश्री प्राणनाथ मिशन _c2172 |
||
| 300 | _a1263पृ0 | ||
| 365 |
_aINR _b25 |
||
| 650 | _aगुजराती साहित्य | ||
| 942 |
_cTB _hQ70a2 152Q5 |
||
| 999 |
_c1234560 _d1234560 |
||